000 00423nam a2200157Ia 4500
008 160316s1990 xxu||||| |||| 00| 0 eng d
082 _a346.066000
_bRAM-I
100 _aRamaiya A
245 _aCompany law digest 1956-1990. Vol.I
250 _a4th
260 _aDelhi
_bVinod Publishing House
_c1990
300 _a975p
_b
_c
365 _bRs.400/-
650 _a1.Company Law - Digest of Cases - 1956 - 1990
700 _a
_a
999 _c6374
_d6374